000 00513nam a2200193Ia 4500
005 20250423094518.0
008 250422s9999 xx 000 0 und d
020 _a9780131377097
050 _aQA 76.8 .I77/
100 _aIrvine, Kip R.
245 0 _aAssembly language for x86 processors
250 _a6th ed.
260 _aBoston
260 _bPearson
260 _c2011
300 _a742 p
650 _aIBM microcomputers--Programming. X86 assembly language (Computer program language)
942 _cBK
999 _c27457
_d27457